Psychologie náboženství a spirituality

Saved in:
Bibliographic Details
Main Author: Říčan, Pavel
Format: Book
Language:Czech
Published: Praha Portál 2007
Subjects:
Tags: Add Tag
No Tags, Be the first to tag this record!

MARC

LEADER 00000nam$a2200000$$$4500
001 0105774
005 20240313090331.7
020 |a 978-80-7367-312-3 
041 0 |a cze 
044 |a CZ 
245 1 0 |a Psychologie náboženství a spirituality  |c Pavel Říčan 
264 1 |a Praha  |b Portál  |c 2007 
300 |a 326 s. 
610 2 0 |a psychológia 
610 2 0 |a náboženstvo 
610 2 0 |a psychometria 
610 2 0 |a individualita 
610 2 0 |a osobnosť 
610 2 0 |a štúdie 
100 1 |a Říčan, Pavel